| 000 | 01360nac a22003731u 4500 | ||
|---|---|---|---|
| 003 | EG-ScBUE | ||
| 005 | 20221101105814.0 | ||
| 008 | 221101s2007 enkab f b 001 0 eng d | ||
| 020 | _a9780750669030 (pbk.) | ||
| 040 |
_aEG-ScBUE _beng _erda _cEG-ScBUE _dEG-ScBUE |
||
| 082 | 0 | 4 |
_a721 _bROA _222 |
| 100 | 1 |
_aRoaf, Susan, _eauthor. |
|
| 245 | 1 | 0 |
_aEcohouse : _ba design guide / _cSue Roaf, Manuel Fuentes, and Stephanie Thomas. |
| 246 | 3 | _aEco house | |
| 250 | _aThird edition. | ||
| 264 | 1 |
_aOxford : _bArchitectural Press, Elsevier, _c2007. |
|
| 300 |
_avi, 479 pages : _billustrations (some color), color maps ; _c28 cm |
||
| 336 |
_2rdacontent _atext _btxt |
||
| 337 |
_2rdamedia _aunmediated _bn |
||
| 338 |
_2rdacarrier _avolume _bnc |
||
| 504 | _aIncludes bibliographical references and index. | ||
| 650 | 7 |
_aHouse construction. _2BUEsh |
|
| 650 | 7 |
_aEcological houses. _2BUEsh |
|
| 650 | 7 |
_aArchitecture and society. _2BUEsh |
|
| 650 | 7 |
_aDwellings _xEnergy conservation. _2BUEsh |
|
| 650 | 7 |
_aHousing and health. _2BUEsh |
|
| 650 | 7 |
_aConstruction industry _xAppropriate technology. _2BUEsh |
|
| 653 | _bENGARC | ||
| 655 | _vReading book | ||
| 700 | 1 |
_aFuentes, Manuel, _eauthor. |
|
| 700 | 1 |
_aThomas, Stephanie, _eauthor. |
|
| 856 | 4 | 1 |
_3Table of contents _uhttp://www.loc.gov/catdir/toc/fy0802/2007282712.html |
| 942 |
_cBB _2ddc |
||
| 999 |
_c8928 _d8928 |
||